000 00765nam a22001937a 4500
999 _c80985
_d80985
008 201130b ||||| |||| 00| 0 eng d
040 _bger
_cDE-2950
_erda
_aDE-2950
041 _ager
100 _aGutke, Thomas:
245 _aWo es besonders oft kracht.
_bVerkehr: Weniger Blechschäden und Verletzte, kein einziger Verkehrstoter - Corona hat sich positiv auf die Unfallbilanz 2020 in Frankfurt ausgewirkt /
_cThomas Gutke
653 _aFrankfurt (Oder)
653 _aPandemie / Corona
653 _aUnfallstatistik
773 _dFrankfurt (Oder): Märkisches Verlags- und Druckhaus GmbH & Co KG
_g32. Jahrgang (2021) Nr. 98 vom 28.04.2021, S. 13
_tMärkische Oderzeitung
942 _cA